000 00702nam a2200193 a 4500
008 120416s1970 ||||||||||||||||| || u
020 _a0854040080
050 _aTP 155 Sam
100 _aSamuel, D. M
245 1 0 _aIndustrial chemistry: inorganic (2nd ed.)
250 _a2nd ed.
260 _aLondon:
_bThe Royal Institute of Chemistry
_c1970
300 _avii, 165p. : ill.
350 _a0.00
650 0 _aCHEMISTRY, INORGANIC--HANDBOOKS, MANUALS, ETC
650 0 _aCHEMISTRY--HANDBOOKS, MANUALS, ETC
650 _aCHEMICAL ENGINEERING
995 _D0.00
_FCBU-MAIN LIBRARY (Kitwe)
_H1
_I1.20
_M1
_UAVAILABLE
_ZAnnex Low-Usage Collection
999 _c46691
_d46691